01486nam a2200349 a 4500001001000000003000500010005001700015008004100032010001100073011001100084040000900095090001000104100003700114245012200151260004100273500006000314502006600374590004100440590004000481590004000521650003900561650006200600650005400662650003200716856007000748901000700818942001000825942000600835999001900841952013600860952014000996000112222CHAP20220329144251.0160115s2015 mx |sm |||||||spa d a108683 a109655 cCHAP aTesis1 aDíaz Morales, Andrés913040710aCreación y permanencia de las empresas rurales en el Estado de Méxicoh[En línea]cpor Andrés Díaz Morales. aChapingo, Méx. :bEl autor,c2015. aPara ver el contenido del material haga clic en la liga aTesis (M. C. en Estrategia Agroempresarial) -- UACH. CIESTAAM aBATCH-UPDb05c20160115lUCH01h1452 aE5652GLJb05c20160115lUCH01h1451 aE5652GLJb05c20160115lUCH01h150014aAdministración de empresas.992214aDesarrollo de la comunidad ruralzMéxico (Edo.).93204214aEmpleo ruralxAspectos socioeconómicos.913041814aEmpresas pequeñas.936658 aFinding aiduhttp://10.13.5.2/tesis/sist112222.pdfzTeclea aquí aBK cTESIS n0 c108683d108683 00104054718TESISaBCbBCd2016-01-15fTESISl0oTesisp33724002516033r2019-12-31 00:00:00w2019-12-31yTESISzRecien adquirido 00104054718TESISaBCbBCd2016-01-15fTESISl0oTesisp33724002516785r2019-12-31 00:00:00t"0w2019-12-31yTESISzRecien adquirido